LEADER 03727nam 22007453u 450 001 9910464599903321 005 20210114052106.0 035 $a(CKB)3710000000075638 035 $a(EBL)1581538 035 $a(SSID)ssj0001191656 035 $a(PQKBManifestationID)11700799 035 $a(PQKBTitleCode)TC0001191656 035 $a(PQKBWorkID)11221916 035 $a(PQKB)11741369 035 $a(MiAaPQ)EBC1581538 035 $a(EXLCZ)993710000000075638 100 $a20131223d2013|||| u|| | 101 0 $aeng 135 $aur|n|---||||| 181 $ctxt 182 $cc 183 $acr 200 10$aAfter "Rwanda"$b[electronic resource] $eIn Search of a New Ethics 210 $aAmsterdam $cEditions Rodopi$d2013 215 $a1 online resource (302 p.) 225 0 $aStudies in intercultural philosophy After "Rwanda" 300 $aDescription based upon print version of record. 311 $a90-420-3711-3 327 $aCover; Title Page; Copyright Page; TABLE OF CONTENTS; ACKNOWLEDGMENTS; CHAPTER 1: MATERNITY - UBUNTU; 1. Here I am; 2. Without God; 3. Maternity; 4. Ubuntu; 5. Filiality; 6. A Logical Absurdity; CHAPTER 2: MATRIX - AKANTU; 1. Murders; 2. Vanquished; 3. The Matrix; 4. Elect-Risk; 5. The Blow Does Not Come; 6. Neither Justice Nor Law; CHAPTER 3: MATERIAL - AHANTU; 1. Eyes; 2. Face; 3. Body; 4. Scene; 5. Horizon; 6. Palaver; CHAPTER 4: MATURITY - AHANTU; 1. God; 2. Embodiment; 3. Otherwise; 4. Present; 5. Sacyega & Ngoma; 6. History; CHAPTER 5: MATRIMONY - UBUMUNTU; 1. Side-by-side; 2. To-let-be 327 $a3. Face-to-face4. Side-by-Side-Face-to-Face; 5. Matrimony; 6. Kubana; CHAPTER 6: MATTER - UKUNTU; 1. Writing, Reading; 2. What Comes? Here I am; 3. What is? Thou Shall Not Kill; 4. Kirazira; 5. A Hermeneutic Effort; 6. Necessity; CHAPTER 7: MATERIEL - IKINTU; 1. Stop; 2. By the Crater; 3. With-Out Distance; 4. Vigilance; 5. Work Procreation; 6. At War, in Love; CONCLUSION; BIBLIOGRAPHY; INDEX 330 $aIs writing about peace after the Rwandan Genocide self-defeating? Whether it is the intensity of the massacres, the popularity of the genocide, or the imaginary forms of cruelty, however one looks at it, everything in the Rwandan Genocide appears to defy once again the possibility of thinking peace anew. In order to address this problem, this book investigates the work of specific French and Rwandese philosophers in order to renew our understanding of peace today. Through this path-breaking investigation, peace no longer stands for an ideal in the future, but becomes a structure of inter-subje 606 $aGenocide -- Rwanda 606 $aHumanity 606 $aPolitical ethics 606 $aRwanda -- History -- Civil War, 1994 -- Atrocities 606 $aHumanity$zRwanda 606 $aPolitical ethics 606 $aGenocide 606 $aPhilosophy$2HILCC 606 $aHistory & Archaeology$2HILCC 606 $aPhilosophy & Religion$2HILCC 606 $aRegions & Countries - Africa$2HILCC 606 $aEthics$2HILCC 608 $aElectronic books. 615 4$aGenocide -- Rwanda. 615 4$aHumanity. 615 4$aPolitical ethics. 615 4$aRwanda -- History -- Civil War, 1994 -- Atrocities. 615 0$aHumanity 615 0$aPolitical ethics 615 0$aGenocide 615 7$aPhilosophy 615 7$aHistory & Archaeology 615 7$aPhilosophy & Religion 615 7$aRegions & Countries - Africa 615 7$aEthics 676 $a128 700 $aMartinon$b Jean-Paul$0802556 801 0$bAU-PeEL 801 1$bAU-PeEL 801 2$bAU-PeEL 906 $aBOOK 912 $a9910464599903321 996 $aAfter "Rwanda"$92158691 997 $aUNINA LEADER 00993nas 2200361 c 450 001 9910896489903321 005 20260218113119.0 035 $a(DE-599)ZDB3015734-1 035 $a(OCoLC)1368610890 035 $a(DE-101)1207931853 035 $a(CKB)5680000000031670 035 $a(DE-599)3015734-1 035 $a(EXLCZ)995680000000031670 100 $a20200408a20179999 |y | 101 0 $aeng 135 $aur||||||||||| 181 $ctxt$2rdacontent 182 $cc$2rdamedia 183 $acr$2rdacarrier 200 00$aFrontiers ..$eemerging issues of environmental concern$fUN Environment 210 31$aNairobi, Kenya$cUnited Nations Environment Programme$d[2017]- 215 $aOnline-Ressource 300 $aGesehen am 17.09.24 608 $aZeitschrift$2gnd-content 676 $a690 712 02$aUNEP$4isb 801 0$b0206 801 1$bDE-101 801 2$b9999 906 $aJOURNAL 912 $a9910896489903321 996 $aFrontiers$91295976 997 $aUNINA